Eraabul Quran(khulasatul Kashshaaf) (Record no. 1175)

MARC details
000 -LEADER
fixed length control field 00604nam a2200241 a 4500
020 ## - INTERNATIONAL STANDARD BOOK NUMBER
ISBN
082 00 - DEWEY DECIMAL CLASSIFICATION NUMBER
Classification number 297.1227
Author Cutter ERA
100 ## - MAIN ENTRY--AUTHOR NAME
Author name Eraabul Quran,
245 ## - TITLE STATEMENT
Title Eraabul Quran(khulasatul Kashshaaf)
260 ## - PUBLICATION, DISTRIBUTION, ETC. (IMPRINT)
Place of publication Lucknow
Name of publisher Naval Kishore
Year of publication 1872
300 ## - PHYSICAL DESCRIPTION
Number of Pages 342p
500 ## - GENERAL NOTE
General note includes index and biblioraphy
505 2# - FORMATTED CONTENTS NOTE
Formatted contents note Four Parts Boun Together
650 ## - SUBJECT ADDED ENTRY--TOPICAL TERM
Topical Term Quran-Hermeneutics
942 ## - ADDED ENTRY ELEMENTS (KOHA)
Koha item type Books
700 1# -
-- Eraabul Quran,
Holdings
Collection code Home library Current library Date acquired Cost, normal purchase price Full call number Accession Number Koha item type
  Henry Martyn Institute Library Henry Martyn Institute Library 08/02/2007 100.00 297.1227 ERA 04602 Books
                   Copyright © 2026 | Henry Martyn Institute | Hyderabad | TS-500052 | INDIA | Implemented by hmi.edu.in
Hit-Count:

Powered by Koha